000 00481nam a2200181Ia 4500
008 230917s9999||||xx |||||||||||||| ||und||
020 _cRS940
040 _e232426
_aMAIN
041 _aEnglish
082 _a620.105 R11S(6)
100 _aRajput, R K
245 0 _aStrength of materials: Mechanics of solids
250 _a6th ed.
260 _aNew Delhi
_bS Chand
_c2016
300 _axvi, 1650 p.
500 _a2296 10/03/2016 HBD15/1732 12/03/2016 Main Budget
942 _cBK
999 _c18333
_d18333